00734nam a2200181 a 450000100100000000500170001000800410002702000180006804000250008610000280011124500930013926000720023230000210030450400320032550400730035795201050043099900170053500003979020201002033733.0130719s2011 mx 000 0 spa d a9786074622843 aDO-SdBNPbspacBNPHU1 aGleizer, Daniela96598613aEl exilio incómodo :bMéxico y los refugiados judíos 1933-1945 /cDaniela Gleizer. aMéxico :bUniversidad Autónoma Metropolitana Guajimalpa,c2011. a321 p. ;c22 cm. aBibliografía : p. 311-321 aIncluye referencias bibliográficas y notas al pie de las páginas 001050718MOaGRbGRcCTd2013-07-19iLF1l0o p39790-10r2020-06-25w2020-06-25y1ZNo se presta c39280d39280